|
|
|
|
| LEADER |
00000nam0a2200000 4500 |
| 001 |
121617 |
| 005 |
20231101215706.0 |
| 035 |
|
|
|a (RuTPU)RU\TPU\book\131708
|
| 090 |
|
|
|a 121617
|
| 100 |
|
|
|a 20070918d1968 k y0rusy50 ca
|
| 101 |
0 |
|
|a rus
|
| 102 |
|
|
|a RU
|
| 105 |
|
|
|a a b 000zy
|
| 200 |
1 |
|
|a Уплотнения резиновые
|e каталог-справочник
|f Министерство станкостроительной и инструментальной промышленности; сост. Л. Г. Цивинская, Л. В. Колосова
|
| 210 |
|
|
|a Москва
|c НИИМАШ
|d 1968
|
| 215 |
|
|
|a 119 с.
|c ил.
|
| 333 |
|
|
|a Исключено из фонда НТБ ТПУ
|
| 702 |
|
1 |
|a Цивинская
|b Л. Г.
|4 220
|
| 702 |
|
1 |
|a Колосова
|b Л. В.
|4 220
|
| 712 |
0 |
2 |
|a Министерство станкостроительной и инструментальной промышленности
|9 24792
|
| 801 |
|
1 |
|a RU
|b 63413507
|c 20070918
|g PSBO
|
| 801 |
|
2 |
|a RU
|b 63413507
|c 20220617
|g RCR
|
| 942 |
|
|
|c BK
|